Itinerari del Parc Natural del Montseny : Can Lleonart : guia de l'alumne Can Lleonart :
Publicado:
[Barcelona] :
Institut de Ciències de l'Educació, Universitat Autònoma de Barcelona, DL 1982
Descripción Física:
29 p. : il. ; 18 x 22 cm
MARC
| LEADER | 00000nam a2200000Ia 4500 | ||
|---|---|---|---|
| 001 | 15409 | ||
| 008 | 160829s9999 xx 000 0 cat d | ||
| 080 | |a FU-37-12 | ||
| 245 | |a Itinerari del Parc Natural del Montseny : |b Can Lleonart : |b guia de l'alumne | ||
| 250 | |a 4a ed. | ||
| 260 | |a [Barcelona] : |b Institut de Ciències de l'Educació, Universitat Autònoma de Barcelona, DL 1982 | ||
| 300 | |a 29 p. : |b il. ; |c 18 x 22 cm | ||
| 590 | |a Inclou vocabulari. | ||
| 590 | |a Organització: Servei de Parcs Naturals, Diputació de Barcelona | ||
| 650 | 0 | |a Educació ambiental |9 30861 | |
| 650 | |a Ciències naturals |x Ensenyament |x Montseny |9 27270 | ||
| 650 | |a Montseny |x Guies I |9 27271 | ||
| 650 | |a Natura, Estudi de la |x Montseny |9 27272 | ||
| 710 | |a Barcelona (Catalunya : Província). |b Servei de Parcs Naturals |9 53492 | ||
| 710 | 1 | |a Universitat Autònoma de Barcelona. |b Institut de Ciències de l'Educació |9 54205 | |
| 901 | |a Arxiu | ||
| 942 | |n 1 | ||
| 952 | |0 0 |1 0 |4 0 |6 FU3712 |7 1 |9 44688 |a Arxiu |b Arxiu |d 2016-12-01 |l 0 |o FU-37-12 |p 15409 |r 2016-12-01 00:00:00 |w 2016-12-01 |y ARXIU | ||
| 999 | |c 47269 |d 47269 | ||